Statistics for Snakes by Picture

Click here to take the quiz!

General Stats

  • This quiz has been taken 142 times
  • The average score is 7 of 12

Answer Stats

Answer% Correct
Spectacled Cobra
99%
Rattlesnake
97%
Anaconda
89%
Black Mamba
88%
Eastern Green Mambas
88%
Python
77%
Golden Eyelash Viper
63%
Corn Snake
54%
Milk Snake
46%
Eastern Kingsnake
32%
Carpet Python
5%
Green Smooth Snake
1%

Score Distribution

Percentile by Number Answered

Percent of People with Each Score

Your Score History

You have not taken this quiz